Loading...
| Auditory Arts | 6 | 13.33 | 100% | 33% | 0% |
| Beliefs | 9 | 16.67 | 100% | 67% | 0% |
| Current Events | 3 | 23.33 | 100% | 100% | 33% |
| Fine Arts - Other Arts | 6 | 16.67 | 83% | 67% | 17% |
| History - American History | 6 | 15.00 | 100% | 50% | 0% |
| History - Ancient History | 3 | 16.67 | 100% | 33% | 33% |
| History - European History | 5 | 14.00 | 100% | 40% | 0% |
| History - Other History | 3 | 20.00 | 100% | 100% | 0% |
| History - World History | 6 | 10.00 | 67% | 33% | 0% |
| Literature - American Literature | 5 | 14.00 | 100% | 20% | 20% |
| Literature - British Literature | 5 | 10.00 | 100% | 0% | 0% |
| Literature - European Literature | 5 | 14.00 | 100% | 40% | 0% |
| Literature - World Literature | 4 | 15.00 | 100% | 50% | 0% |
| Philosophy | 5 | 16.00 | 100% | 20% | 40% |
| Science - Biology | 9 | 15.56 | 100% | 44% | 11% |
| Science - Chemistry | 4 | 12.50 | 100% | 25% | 0% |
| Science - Other Science | 2 | 15.00 | 100% | 50% | 0% |
| Social Science | 8 | 13.75 | 100% | 38% | 0% |
| Visual Arts | 7 | 10.00 | 100% | 0% | 0% |